000 00870nam a22002777a 4500
999 _c44250
_d44250
001 17590
003 CO-MdFUSB
005 20190202100319.0
008 170920t1975 enk||||| |||| 00| 0 eng d
020 _a0-87784-959-5
040 _aCO-MdFUSB
_bspa
_cCO-MdFUSB
_dCO-MdFUSBC
_erda
041 0 _aeng
082 0 4 _aG 223.207 K515p
100 1 _aKidner, Derek
_eautor
245 0 _aPsalms 73-150 : a commentary on books III-V of the psalms
_c/ Rev. Derek Kidner.
264 4 _aLeicester :
_bInter-Varsity Press,
_c©1975
300 _apag. 259-492 , vol. 2
336 _2rdacontent
_atexto
_btxt
337 _2rdamedia
_asin mediación
_bn
338 _2rdacarrier
_avolumen
_bnc
505 0 0 _aSalmos 73-89 -- Salmos 90-106 -- Salmos 107-150.
650 0 _aBiblia
_916
653 _aBiblia A.T. - Salmos- Comentarios
653 _aBiblia - Comentarios
942 _cBK